Sismap Municipal : (Record no. 48168)
[ view plain ]
| 000 -CABECERA | |
|---|---|
| campo de control de longitud fija | 00592nam a2200169 a 4500 |
| 001 - NÚMERO DE CONTROL | |
| campo de control | 000048680 |
| 005 - FECHA Y HORA DE LA ÚLTIMA TRANSACCIÓN | |
| campo de control | 20201002061326.0 |
| 008 - DATOS DE LONGITUD FIJA--INFORMACIÓN GENERAL | |
| campo de control de longitud fija | 190408s2016 dr a 000 0 spa d |
| 040 ## - FUENTE DE LA CATALOGACIÓN | |
| Centro catalogador/agencia de origen | DO-SdBNP |
| Lengua de catalogación | spa |
| Centro/agencia transcriptor | BNPHU |
| 082 ## - NÚMERO DE LA CLASIFICACIÓN DECIMAL DEWEY | |
| Número de clasificación | xx |
| Número de documento/Ítem | xx |
| 245 00 - MENCIÓN DE TÍTULO | |
| Título | Sismap Municipal : |
| Resto del título | sistema de monitoreo de la Administración Pública Municipal. |
| 250 ## - MENCIÓN DE EDICIÓN | |
| Mención de edición | 3a. ed. |
| 260 ## - PUBLICACIÓN, DISTRIBUCIÓN, ETC. | |
| Lugar de publicación, distribución, etc. | Santo Domingo,República Dominicana : |
| Nombre del editor, distribuidor, etc. | Ministerio de Administración Pública (MAP), |
| Fecha de publicación, distribución, etc. | 2016. |
| 300 ## - DESCRIPCIÓN FÍSICA | |
| Extensión | 40 p. : |
| Otras características físicas | il. ; |
| Dimensiones | 23 cm. |
| 590 ## - NOTA LOCAL (RLIN) | |
| Nota local | Inventariado, 2019/VM |
| 500 ## - NOTA GENERAL | |
| Nota general | Una oportunidad para mejorar nuestros municipios |
| Estado de retiro | Estado de pérdida | No para préstamo | Código de colección | Localización permanente | Ubicación/localización actual | Ubicación en estantería | Fecha de adquisición | Número de inventario | Total de préstamos | Signatura topográfica completa | Código de barras | Fecha visto por última vez | Precio válido a partir de | Tipo de ítem Koha |
|---|---|---|---|---|---|---|---|---|---|---|---|---|---|---|
| Excluido de préstamo | Patrimonio Dominicano | Patrimonio Dominicano | Patrimonio Dominicano | Depósito | 08.04.2019 | LF1 | xx xx | 48680-10 | 25.06.2020 | 25.06.2020 | Libro y Folleto Colección Patrimonio Dominicano |
